| 000 | 02507nam a22002657a 4500 | ||
|---|---|---|---|
| 001 | 129338 | ||
| 003 | UA-OsUOA | ||
| 005 | 20211103100921.0 | ||
| 007 | ta | ||
| 008 | 20180227b un ||||| |||| 00| 0 ukr d | ||
| 020 | _a9789664820407 | ||
| 040 |
_aUA-OsUOA _bukr _cUA-OsUOA _dUA-OsUOA |
||
| 041 | _aukr | ||
| 080 | _a94(4)"15/16"(075.8) | ||
| 090 |
_a94(4)"15/16"(075.8) _bБ20 |
||
| 100 | _aБалух В. О. | ||
| 245 |
_aРанньомодерна Європа _bпідручник _cВ. О. Балух, В. П. Коцур |
||
| 260 |
_aЧернівці _bНаші книги _c2016 |
||
| 300 |
_a704 с. _bіл. |
||
| 520 | _aПідручник містить системний виклад історичних подій у європейських країнах епохи раннього модерну, висвітлює провідні тенденції історичного розвитку Західної Європи з кінця XV до середини XVII ст., розкриває особливості економічних відносин у європейських країнах ранньоновочасного періоду, визначає специфіку культурного поступу Європи в епоху Відродження і бароко. Територіальні межі викладеного матеріалу охоплюють Англію, Німеччину, Францію, Швейцарію, Іспанію, Італію, Нідерланди, Скандинавські країни, Австрію, Угорщину, Валаське, Молдавське і Трансильванське князівства. У додатках вміщено хронологічну таблицю, термінологічний словник, основні географічні назви, перелік видатних політичних, військових і культурних діячів ранньоновочасної епохи, предметний, географічний та іменний покажчики, бібліографію. Для студентів вищих навчальних закладів, викладачів шкіл, гімназій, коледжів і ліцеїв, а також для масового читача. | ||
| 650 | 7 |
_a94 Історія _2UDC |
|
| 942 |
_cBK _2udc |
||
| 955 | _a2 | ||
| 999 |
_c415459 _d415459 |
||